Biblioteka Instytutu Północnego w Olsztynie

Widok standardowy Widok MARC

Pozycja Geographic Name

Liczba rekordów, w których użyto hasła: 1

001 - Numer kontrolny

  • control field: 39309

003 - Identyfikator numeru kontrolnego

  • control field: NUKAT

005 - Data i czas ostatniej modyfikacji

  • control field: 20260331113935.0

008 - Dane kontrolne kodowane (40 znaków)

  • fixed length control field: 161216n||azznnbabn |a ana |

010 ## - Numer kontrolny Biblioteki Kongresu

  • numer kontrolny LC: p 2017012231

034 ## - CODED CARTOGRAPHIC MATHEMATICAL DATA

  • Coordinates - westernmost longitude: E0202859
  • Coordinates - easternmost longitude: E0202859
  • Coordinates - northernmost latitude: N0534659
  • Coordinates - southernmost latitude: N0534659
  • Source: wikip

035 ## - Numer systemowy

  • numer systemowy: a35769798

040 ## - Instytucja sporządzająca rekord

  • inst. przygot. dane do rek. khw: WA N
  • język haseł przedmiotowych/tezaurus: DBN
  • inst. wprow. rek. khw: WA N

043 ## - Kod obszaru geograficznego

  • ISO code: PL

045 ## - Okres czasu dla hasła

  • okr. czasu od 9999 pne do n.e.: d1975
  • okr. czasu od 9999 pne do n.e.: d1998

151 ## - Hasło - nazwa geograficzna

  • nazwa geograficzna: Województwo olsztyńskie (1975-1998)

368 ## - Other Attributes

  • Juris type: Województwa

451 ## - Trop zob. - nazwa geograficzna

  • nazwa geograficzna: Olsztyńskie, województwo

551 ## - Trop zob. też - nazwa geograficzna

  • nazwa geograficzna: Olsztyn (woj. warmińsko-mazurskie ; okolice)

551 ## - Trop zob. też - nazwa geograficzna

  • nazwa geograficzna: Województwo olsztyńskie (1946-1975)

551 ## - Trop zob. też - nazwa geograficzna

  • nazwa geograficzna: Województwo warmińsko-mazurskie (1999- )

670 ## - Źródło informacji

  • źródło informacji: Wikipedia

670 ## - Źródło informacji

  • źródło informacji: Problematyka gospodarcza w pracach Stronnictwa Demokratycznego w Olsztyńskiem na przełomie lat 70. i 80. XX wieku / Waldemar Żebrowski. W: Szkice Humanistyczne (Olsztyn). T. 16, nr 4 (2016).
Biblioteka Instytutu Północnego, ul. Partyzantów 87, 10-402 Olsztyn, email: biblioteka(at)ip.olsztyn.pl